| 000 | 00380nam a2200169Ia 4500 | ||
|---|---|---|---|
| 001 | 10634 | ||
| 005 | 20250626030608.0 | ||
| 008 | 211022s9999 xx 000 0 und d | ||
| 082 | _a750.3 LAK | ||
| 100 | _aLake , Carlton | ||
| 245 | 2 | _aA dictionary of modern painting | |
| 260 | _aLondon | ||
| 260 | _bMethuen Publications | ||
| 260 | _c1958 | ||
| 300 | _a328 | ||
| 942 | _cBK | ||
| 999 |
_c11707 _d11707 |
||